This is my house / (Record no. 4925)

MARC details
000 -LEADER
fixed length control field 00991nam a22003017a 4500
001 - CONTROL NUMBER
control field 4925
003 - CONTROL NUMBER IDENTIFIER
control field FISKH
005 - DATE AND TIME OF LATEST TRANSACTION
control field 20250825133522.0
008 - FIXED-LENGTH DATA ELEMENTS--GENERAL INFORMATION
fixed length control field 241025b cb ||||| |||| 00| 0 eng d
020 ## - INTERNATIONAL STANDARD BOOK NUMBER
International Standard Book Number 9780590453035
040 ## - CATALOGING SOURCE
Original cataloging agency FISKH
Language of cataloging eng
Transcribing agency FISKH
Modifying agency FISKH
050 ## - LIBRARY OF CONGRESS CALL NUMBER
Classification number NA7120.D65
082 ## - DEWEY DECIMAL CLASSIFICATION NUMBER
Classification number 728
100 ## - MAIN ENTRY--PERSONAL NAME
Personal name Dorros, Arthur
Dates associated with a name (1950-)
245 ## - TITLE STATEMENT
Title This is my house /
Statement of responsibility, etc. Written and illustrated by Arthur Dorros
250 ## - EDITION STATEMENT
Edition statement 1992
260 ## - PUBLICATION, DISTRIBUTION, ETC.
Place of publication, distribution, etc. New York :
Name of publisher, distributor, etc. Scholastic,
Date of publication, distribution, etc. 1992.
300 ## - PHYSICAL DESCRIPTION
Extent 29 pages :
Other physical details color illustrations ;
Dimensions 28 cm
505 ## - FORMATTED CONTENTS NOTE
Formatted contents note P<br/>
520 ## - SUMMARY, ETC.
Summary, etc. Text and illustrations depict the different types of houses lived in by children all over the world. On each page "This is my house" will appear in the appropriate native language.
521 8# - TARGET AUDIENCE NOTE
Target audience note 610<br/><br/>
Source Lexile<br/>
521 8# - TARGET AUDIENCE NOTE
Target audience note P<br/>
Source Raz-Plus<br/>
650 ## - SUBJECT ADDED ENTRY--TOPICAL TERM
Source of heading or term Non-fiction
Topical term or geographic name entry element Family
650 ## - SUBJECT ADDED ENTRY--TOPICAL TERM
Source of heading or term Around the world
Topical term or geographic name entry element Social studies
700 ## - ADDED ENTRY--PERSONAL NAME
Personal name Dorros, Arthur
Dates associated with a name Illustrator
942 ## - ADDED ENTRY ELEMENTS (KOHA)
Source of classification or shelving scheme Dewey Decimal Classification
Koha item type Books
Suppress in OPAC No
Holdings
Withdrawn status Lost status Source of classification or shelving scheme Damaged status Not for loan Collection Home library Current library Shelving location Date acquired Total Checkouts Full call number Barcode Date last seen Date last checked out Copy number Price effective from Koha item type
    Dewey Decimal Classification     Non-Fiction Footprints International School Library Network Toul Kork Campus Footprints International School Library Network Toul Kork Campus TK Primary Library Room(4th Floor), Bookcase 3&4, Shelves 17-32, Yellow Books 10/25/2024 1 DOR 728 NA7120.D65 2024-2227 06/10/2025 03/25/2025 1 10/25/2024 Books
    Dewey Decimal Classification     Non-Fiction Footprints International School Library Network Toul Kork Campus Footprints International School Library Network Toul Kork Campus TK Primary Library Room(4th Floor), Bookcase 3&4, Shelves 17-32, Yellow Books 11/05/2024   DOR 728 NA7120.D65 FISTK02163 11/05/2024   2 11/05/2024 Books
    Dewey Decimal Classification     Non-Fiction Footprints International School Library Network Toul Tom Poung Campus Footprints International School Library Network Toul Tom Poung Campus TTP Primary Yellow Bookshelves 08/01/2025   DOR 728 NA7120.D65 FIS04666 08/01/2025   3 08/01/2025 Books
    Dewey Decimal Classification     Non-Fiction Footprints International School Library Network Toul Tom Poung Campus Footprints International School Library Network Toul Tom Poung Campus TTP Primary Yellow Bookshelves 08/15/2025   DOR 728 NA7120.D65 FISTKG1C078 08/15/2025   4 08/15/2025 Books
    Dewey Decimal Classification     Non-Fiction Footprints International School Library Network Toul Tom Poung Campus Footprints International School Library Network Toul Tom Poung Campus TTP Primary Yellow Bookshelves 08/15/2025   DOR 728 NA7120.D65 FISBK05054 08/15/2025   5 08/15/2025 Books
    Dewey Decimal Classification     Non-Fiction Footprints International School Library Network Toul Tom Poung Campus Footprints International School Library Network Toul Tom Poung Campus TTP Primary Yellow Bookshelves 08/15/2025   DOR 728 NA7120.D65 FISBK05061 08/15/2025   6 08/15/2025 Books
    Dewey Decimal Classification     Non-Fiction Footprints International School Library Network Toul Tom Poung Campus Footprints International School Library Network Toul Tom Poung Campus TTP Primary Yellow Bookshelves 08/25/2025 1 DOR 728 NA7120.D65 FISBK057089 10/10/2025 10/03/2025 7 08/25/2025 Books